The couple's guide to fertility : how new medical advances can help you have a baby /
A guide to the methods of treatment for infertility offers advice on choosing a doctor, includes a directory of leading specialists, and explores alternative methods of starting a family.
Disimpan dalam:
| Pengarang Utama: | |
|---|---|
| Pengarang-pengarang Lain: | , |
| Format: | Buku |
| Bahasa: | English |
| Diterbitkan: |
New York :
Doubleday,
[1989]
|
| Edisi: | [1st ed.] |
| Subjek-subjek: | |
| Penanda-penanda: |
Tambah Penanda
Tiada Penanda, Jadilah orang pertama menanda rekod ini!
|
| LEADER | 01242pam a2200361 a 4500 | ||
|---|---|---|---|
| 001 | 001846830-6 | ||
| 005 | 20160408224535.0 | ||
| 008 | 890413s1989 nyu 00110 eng | ||
| 010 | |a 89007863 | ||
| 020 | |a 0385263902 (pbk.) : |c $12.95 ($15.95 Can.) | ||
| 020 | |a 0385245467 (hard) | ||
| 035 | 0 | |a ocm19626673 | |
| 040 | |a DLC |c DLC |d SLR | ||
| 050 | 0 | 0 | |a RC889 |b .B444 1989 |
| 060 | 0 | 0 | |a WP 565 |b B496c 1989 |
| 082 | 0 | 0 | |a 616.6/92 |2 20 |
| 100 | 1 | |a Berger, Gary S. | |
| 245 | 1 | 4 | |a The couple's guide to fertility : |b how new medical advances can help you have a baby / |c Gary S. Berger, Marc Goldstein and Mark Fuerst. |
| 250 | |a [1st ed.] | ||
| 260 | 0 | |a New York : |b Doubleday, |c [1989] | |
| 300 | |a xv, 442 p. ; |c 22 cm. | ||
| 500 | |a Includes index. | ||
| 520 | |a A guide to the methods of treatment for infertility offers advice on choosing a doctor, includes a directory of leading specialists, and explores alternative methods of starting a family. | ||
| 655 | 2 | |a Popular Works. | |
| 650 | 2 | |a Pregnancy. | |
| 650 | 2 | |a Infertility. | |
| 650 | 2 | |a Fertility. | |
| 650 | 0 | |a Infertility |v Popular works. | |
| 655 | 7 | |a Popular works. |2 fast | |
| 700 | 1 | |a Goldstein, Marc. | |
| 700 | 1 | |a Fuerst, Mark. | |
| 988 | |a 20020608 | ||
| 906 | |0 DLC | ||


